00421nam a2200169Ia 450000500170000000800410001702000220005804100120008008200160009210000130010824500300012125000080015126000230015950000080018265000430019070000180023320240823051650.0240823s9999||||xx |||||||||||||| ||und|| a978-93-8061-838-8 aENGLISH A621.3822 Q3 aPalani S 0aDigital Signal Processing a1st c2013bAne Books Pv aYES aDigital Signal ProcessingbElectronics a Kaliyarasi D